One Piece Characters by Attacks - Statistics

General Stats
  • This quiz has been taken 91 times
  • The average score is 9 of 20
Answer Stats
Hint Answer % Correct
Hell Wink Ivankov
81%
Power Mochi Katakuri
77%
Party Table Kick Course Sanji
75%
Flame Emperor Ace
73%
Strong Right Franky
73%
String Bullets Doflamingo
66%
Revolving Door Blueno
55%
Roc Gun Luffy
52%
White Blow Smoker
45%
Grand Jacuzzi Clutch Robin
41%
Brachio Bomber Queen
39%
Gastanet Caesar
36%
Yasakani Sacred Jewel Kizaru
36%
103 Emotions Zoro
34%
Peacock Slasher Vivi
30%
Impact Wolf Usopp
23%
Big Emperor Franky | Luffy | Zoro | Chopper | Usopp | Sanji
19%
Doppelman Gecko Moria
19%
Wind Scythes Kaido
11%
Kingdom Come Eneru
8%
No matching quizzes found
Score Distribution
Percent of People with Each Score
Percentile by Number Answered
Your Score History
You have not taken this quiz